000 01220cab a2200289 4500
001 X87837
008 090401t1997 xxu||||| |||| 00| 0 eng d
035 _a(Sirsi) u82217
041 _aeng
245 _aLewisham Investment Partnership Ltd and Riverside Centre (Three) Ltd v Peter Leonard Wilton Morgan
260 _c1997
350 _a0
490 _aNew Property Cases
_v(1997) NPC 155
520 _aA valuer who adopts an `overall` approach to the valuation of retail development in a rent review is held not to be negligent for not adopting a `zoning` approach. "Iceland Frozen Food," on the appropriateness of taking note of a right to subdivide and sub-let is, `distinguished`. Nor is the valuer able to be challenged on the actual figure reached, which is held to be within the `bracket`. NOT TO BE PHOTOCOPIED
650 _aEXPERT
650 _aLEWISHAM INVESTMENT PARTNERSHIP LTD V MORGAN
650 _aNEGLIGENCE
650 _aPERMISSIBLE BRACKET
650 _aRENT REVIEW
650 _aRENTAL VALUATION
650 _aRETAIL DEVELOPMENT
650 _aVALUERS
650 _aZONING
690 _aMANAGEMENT-BUSINESS MANAGEMENT-PROFESSIONAL PRACTICE
942 _n0
948 _c19/11/1997
999 _c51869
_d51869